000 00527nam a2200193Ia 4500
005 20250508151221.0
008 008 250505s9999 xx 000 0 eng d
037 _aTextual
040 _aFEDL
_beng
_cFEDL
041 _aeng
_2eng
084 _a371.3, SPE
_qFEDL
100 _aSpears Harold
_991981
245 0 _aSome principles of teaching
260 _aNew York, USA
_bPrentice Hall
_c1949
300 _a147p.
650 _aTeaching Technique
942 _cTEXL
_h371.3, SPE
999 _c1328271
_d1328271